Problems of Knowledge: A Critical Introduction to Epistemology

Збережено в:
Бібліографічні деталі
Автор: Williams, Michael
Формат: Невідомо
Мова:Англійська
Опубліковано: Oxford University Press 2001
Теги: Додати тег
Немає тегів, Будьте першим, хто поставить тег для цього запису!

MARC

LEADER 00000 a2200000 4500
003 CL-VaPUC
005 20210422115409.0
008 210422b ||||| |||| 00| 0 eng d
999 |c 432764  |d 432762 
020 |a 9780192892560 
040 |c Pontificia Universidad Católica de Valparaíso 
100 |a Williams, Michael  |9 860433 
245 |a Problems of Knowledge: A Critical Introduction to Epistemology 
260 |b Oxford University Press  |c 2001 
583 |k Cristina Rojas  |c 20210422 
942 |2 ddc  |c BK  |n 1